000 01119nam a2200301Ia 4500
008 130821s2011 ck ab gr spa
020 _a978 958 99015 4 0
040 _aCo-BoUCM
_bspa
041 0 0 _aspa
245 0 3 _aLa cuestión colonial
_cPerry Anderson ...[et al.]. ; editor Heraclio Bonilla
260 _aBogotá (Colombia)
_bUniversidad Nacional de Colombia
_c2011
300 _a642 páginas
_bilustraciones, gráficas, mapas
504 _aIncluye referencias bibliográficas e índice.
650 _aColonialismo
_911141
650 _aHistoria universal
_916951
651 _aÁfrica
_xHistoria
_ySiglo XV
_9169320
651 _aAmérica Latina
_xHistoria
_ySiglo XV
_926570
651 _aAsia
_xHistoria
_ySiglo XV
_926576
700 1 _aAnderson, Perry
_962525
700 1 _aBonilla, Heraclio
_eed.
_9161800
700 1 _aBragoni, Beatriz
_9139703
700 1 _aBraz, Adelino
_9169321
700 1 _aBrocheux, Pierre
_9169322
700 1 _aCarrara, Angelo
_9169323
710 2 _aUniversidad Nacional de Colombia
_93820
942 _cLIBRO
_a21
_e1
_mC965
_2DEWEY
_h909.5
999 _c75866
_d75866